000 01043nam a2200337 a 4500
001 000001753
003 DO-SdBPM
005 20250822094943.0
007 ta
008 090626s2008 dr r 000 f spa d
020 _a9789945161779
040 _aDO-SdBPM
_bspa
_cBPMSU
_erda
082 4 _aRD863.44
_bM878u, 2008
_222
100 1 _aMorrison, Mateo,
_d1947-
_eautor
245 1 0 _aUn silencio que camina :
_bnovela /
_cMateo Morrison ; edición Alexis Peña.
250 _a2a. ed.
264 _aSanto Domingo :
_bEditora Búho,
_c2008.
300 _a102 págians ;
_c22 cm.
336 _atexto
_btxt
_2rdacontent
337 _asin mediación
_bn
_2rdamedia
338 _avolumen
_bnc
_2rdacarrier
586 _aPremio Nacional de Literatura 2010
590 _aInventariado, 2025/VM
650 7 _aNovela dominicana
650 7 _aLiteratura dominicana.
650 z _aDominican fictions
650 z _aDominican literature
700 1 _aPeña, Alexis,
_eeditor
910 _aVMateo V. Control de calidad BPMSU
942 _2ddc
_cBK
999 _c14267
_d14267